Experiencing : Race, class, and gender in the United State

This book is divided into three main division: "Identity", "Power" and "Change". It is guide for students in the thoughtful exploration of the issues that sorround personal and insitutionalized bigotry.

محفوظ في:
التفاصيل البيبلوغرافية
المؤلف الرئيسي: Fiske-Rusciano, Roberta
التنسيق: كتاب
اللغة:Undetermined
منشور في: New York McGraw-Hill 2005
الموضوعات:
الوسوم: إضافة وسم
لا توجد وسوم, كن أول من يضع وسما على هذه التسجيلة!
Thư viện lưu trữ: Trung tâm Học liệu Trường Đại học Cần Thơ
LEADER 01081nam a2200253Ia 4500
001 CTU_172807
008 210402s9999 xx 000 0 und d
020 |c 25.5 
082 |a 361.1 
082 |b F541 
100 |a Fiske-Rusciano, Roberta 
245 0 |a Experiencing : 
245 0 |b Race, class, and gender in the United State 
245 0 |c Roberta Fiske-Rusciano, Virginia Cyrus 
260 |a New York 
260 |b McGraw-Hill 
260 |c 2005 
520 |a This book is divided into three main division: "Identity", "Power" and "Change". It is guide for students in the thoughtful exploration of the issues that sorround personal and insitutionalized bigotry. 
650 |a Pluralism (Social sciences),Gays,Women,Đa nguyên (Khoa học xã hội),Đồng tính nam,Phụ nữ 
650 |x Social conditions,Social conditions,Mỹ,Điều kiện xã hội,Điều kiện xã hội 
650 |y Mỹ,Mỹ 
650 |z United States,United States,United States 
904 |i Lan 
980 |a Trung tâm Học liệu Trường Đại học Cần Thơ